Alle Bücher von Stephen King - Statistiken

Allgemein
  • Dieses Quiz wurde 476 mal gespielt
    276 seit der letzten Aktualisierung
  • Das Durchschnittsergebnis liegt bei 29 aus 80
Antwortstatistiken
Veröffentlicht Buchtitel % Korrekt
1986 Es
98%
1974 Carrie
77%
1977 Shining
74%
1983 Friedhof der Kuscheltiere
73%
1987 Sie
69%
1981 Cujo
57%
1975 Brennen muss Salem
55%
1996 The Green Mile
52%
1978 The Stand
52%
2014 Mr.Mercedes
50%
1983 Christine
49%
2004 Der Turm
49%
2023 Holly
48%
2009 Die Arena
47%
1991 In einer kleinen Stadt
45%
1979 Todesmarsch
45%
1982 Schwarz
44%
2019 Das Institut
43%
2011 Der Anschlag
43%
1992 Das Spiel
42%
2013 Doctor Sleep
42%
1991 Tot
42%
1977 Amok
41%
1987 Drei
41%
2024 Ihr wollt es dunkler
39%
2013 Joyland
39%
2003 Wolfsmond
39%
1985 Blut
37%
2022 Fairy Tale
37%
1997 Glas
37%
1980 Feuerkind
36%
1978 Nachtschicht
36%
2003 Susannah
35%
1999 Das Mädchen
34%
1979 Dead Zone/ Das Attentat
34%
2015 Finderlohn
34%
1982 Menschenjagd
34%
2021 Billy Summers
33%
1984 Der Fluch
33%
1992 Dolores
33%
2006 Love
33%
1989 Stark
33%
2002 Der Buick
32%
2001 Duddits
32%
1998 Sara
32%
1994 Schlaflos
32%
1987 Das Monstrum
31%
2018 Der Outsider
31%
1984 Der Talisman
31%
2006 Puls
31%
2012 Wind
30%
2000 Das Leben und das Schreiben
29%
1996 Regulator
29%
2005 Colorado Kid
28%
1995 Das Bild
28%
2001 Das Schwarze Haus
28%
2020 Blutige Nachrichten
27%
1996 Desperation
27%
1987 Die Augen des Drachen
27%
1982 Frühling,Sommer,Herbst und Tod
27%
2008 Wahn
26%
1999 Atlantis
25%
2016 Mind Control
25%
2014 Revival
25%
2017 Sleeping Beauties
25%
2021 Später
25%
2007 Qual
24%
1990 Vier nach Mitternacht
23%
2018 Erhebung
21%
2002 Im Kabinett des Todes
21%
1981 Sprengstoff
20%
1993 Alpträume
19%
1981 Danse Macabre
19%
1999 Der Sturm des Jahrhunderts
18%
2017 Gwendys Wunschkasten
18%
2015 Basar der bösen Träume
17%
2022 Gwendys letzte Aufgabe
17%
1984 Das Jahr des Werwolfs
14%
2010 Zwischen Nacht und Dunkel
14%
2008 Sunset
13%
Keine übereinstimmenden Quizze gefunden
Verteilung der Resultate
Anzahl Personen mit jedem Resultat
Perzentil nach korrekt beantworteten Fragen
Ihre Resultats-Entwicklung
Sie haben dieses Quiz seit der letzten Aktualisierung nicht gespielt